01356nam a2200349 c 450000100060000000300100000600500170001600700030003300800410003602000180007704000350009504100080013004300120013808400060015010000390015624501800019525000680037526400560044330000430049933600270054233700330056933800280060249000230063052100610065354500580071465000260077265000290079865000470082765000510087470000310092570000500095660756CO-BoRNBP20260317213938.0ta141031r20122020ck a0 sbr s sfdspa d a9789583039324 aCO-BoRNBPbspaerdacCO-BoRNBP0 aspa as-ck--- aN10aLozano Riveros, Pilar,d1951-eaut10aColombia, mi abuelo y yo :brelatos mágicos de nuestra geografía /cPilar Lozano ; ilustraciones de Carlos Martín Riaño Moncada ; edición Raquel Mireya Fonseca Leal. aTercera ediciónbPrimera reimpresión, Segunda reimpresión 1aBogotá, Colombia :bPanamericana Editorial,c2020 a171 páginas :bilustraciones a color atextobtxt2rdacontent asin mediaciónbn2rdamedia avolumenbnc2rdacarrier0 aLiteratura juvenil aRecomendado para un público infantil mayor de 9 años aIncluye datos biográficos de la autora en la solapa07aAbuelosvNovela2lemb17aNaturalezavNovela2lemb17aNovela infantil colombianaySiglo XX2rnbp17aLiteratura infantil colombianaySiglo XX2rnbp10aFonseca Leal, Mireya,eedt10aRiaño Moncada, Carlos Martín,d1966-eill